• 首页
  • 本馆介绍
  • 公告通知
  • 最新文献
  • 馆藏检索
  • 电子资源
  • 读者导购
  • 参考咨询
  • 我的图书馆
  • 登录
  • 详细信息显示
  • 放入我的书架
  • 预约/预借图书
  • 作者相关作品
  • 分类相关作品
  • 丛书相关作品
  • 出版社相关作品

书目信息

  • 表格格式
  • 工作单格式
  • 卡片格式
题名:
速度滑冰
    
 
作者: 何刚 , 王廷斌 编著
分册:  
出版信息: 北京   人民体育出版社  1973
页数: 82页
开本: 20cm
丛书名:
单 册:
中图分类: G862.1
科图分类:
主题词: 冰上运动 , 雪上运动 , 水上运动
电子资源:
ISBN:
000 00622nam0 2200241 45
001 0405070955
005 20060911153517.70
010    @dCNY0.34
091    @a7015.1365
100    @a20040507d1973 km y0chiy0120 ea
101 0  @achi
200 1  @a速度滑冰@ASu Du Hua Bing@f何刚,王廷斌编著@FHe Gang,Wang Ting Bin Bian Zhu
210    @a北京@c人民体育出版社@d1973
215    @a82页@d20cm
300    @a中级技术读物
606 0  @a冰上运动
606 0  @a雪上运动
606 0  @a水上运动
690    @aG862.1@v3
701  0 @a何刚@4编著
701  0 @a王廷斌@4编著
801    @aCN@bTSTCL@c20060911
905    @f1@b178178@dG862.1@e11
    
    速度滑冰/何刚,王廷斌编著.-北京:人民体育出版社,1973
    82页;20cm
    中级技术读物
    
    ISBN :CNY0.34
    
●
相关链接 在E读中查询图书 在五车中查询图书 在当当中查询图书 在豆瓣中查询图书


正题名:速度滑冰     索取号:G862.1/11         预约/预借

序号 登录号 条形码 馆藏地/架位号 状态 备注
1 0178178   000991127   密集书库/ [索取号:G862.1/11] 在馆    
2 0178179   000991056   第一样本阅览室/ [索取号:G862.1/11] 在馆    
3 0472013   204720132   密集书库/ [索取号:G862.1/11] 在馆    
唐山师范学院图书馆 欢迎您!
大连网信软件有限公司© 版权所有